Designing Environments for People with Dementia (Record no. 92812)
[ view plain ]
| 000 -LEADER | |
|---|---|
| fixed length control field | 01960nam a2200265Ii 4500 |
| 008 - FIXED-LENGTH DATA ELEMENTS--GENERAL INFORMATION | |
| fixed length control field | 221202s xx 000 0 und d |
| 100 1# - MAIN ENTRY--PERSONAL NAME | |
| Personal name | Bowes, Alison, |
| Relator term | author |
| 245 #0 - TITLE STATEMENT | |
| Title | Designing Environments for People with Dementia |
| 246 ## - VARYING FORM OF TITLE | |
| Title proper/short title | A Systematic Literature Review |
| 264 #1 - PRODUCTION, PUBLICATION, DISTRIBUTION, MANUFACTURE, AND COPYRIGHT NOTICE | |
| Place of production, publication, distribution, manufacture | Bingley |
| Date of production, publication, distribution, manufacture, or copyright notice | 2019 |
| 300 ## - PHYSICAL DESCRIPTION | |
| Extent | 1 online resource (136 pages) |
| 336 ## - CONTENT TYPE | |
| Content type term | text |
| Content type code | txt |
| Source | rdacontent |
| 337 ## - MEDIA TYPE | |
| Media type term | computer |
| Media type code | c |
| Source | rdamedia |
| 338 ## - CARRIER TYPE | |
| Carrier type term | online resource |
| Carrier type code | cr |
| Source | rdacarrier |
| 490 ## - SERIES STATEMENT | |
| Series statement | Emerald Points |
| 520 ## - SUMMARY, ETC. | |
| Summary, etc. | The ebook edition of this title is Open Access and is freely available to read online. This review systematically explores and assesses the quality of the evidence base for effective and supportive design of living environments for people living with Dementia. Dementia is a major challenge for all countries, as the population with the condition is growing rapidly. Societies desperately need to identify measures which mean that they can continue to thrive with a large population of people who are cognitively impaired. Medical treatments are poor, and there is little indication of better medications appearing in the coming decades. There is urgent need for non-medical advances which can address the challenge including ensuring environments are conducive to living better with Dementia. Whilst there is a lot of activity in this area of Dementia friendly design, the evidence base remains poorly synthesized and weak. This book pulls evidence together to provide a solid reference point from which further research and further developments in the field of Dementia care and support can proceed. |
| 653 ## - INDEX TERM--UNCONTROLLED | |
| Uncontrolled term | Alzheimer'S |
| 653 ## - INDEX TERM--UNCONTROLLED | |
| Uncontrolled term | Dementia |
| 653 ## - INDEX TERM--UNCONTROLLED | |
| Uncontrolled term | Design |
| 653 ## - INDEX TERM--UNCONTROLLED | |
| Uncontrolled term | Environment |
| 653 ## - INDEX TERM--UNCONTROLLED | |
| Uncontrolled term | Home |
| 700 1# - ADDED ENTRY--PERSONAL NAME | |
| Personal name | Dawson, Alison |
| 856 ## - ELECTRONIC LOCATION AND ACCESS | |
| Uniform Resource Identifier | <a href="https://docs.google.com/spreadsheets/d/1yKIrdCPDAG_9c22mwoOIO2DOhtj65Wqa/edit?usp=sharing&ouid=106555315294820607512&rtpof=true&sd=true ">https://docs.google.com/spreadsheets/d/1yKIrdCPDAG_9c22mwoOIO2DOhtj65Wqa/edit?usp=sharing&ouid=106555315294820607512&rtpof=true&sd=true </a> |
| Link text | List of Curated E-Books |
| 942 ## - ADDED ENTRY ELEMENTS (KOHA) | |
| Koha item type | E-Book |
No items available.